| 000 | 00832nmm a2200265 a 4500 | ||
|---|---|---|---|
| 001 | ocm000604881 | ||
| 003 | TR-IsHL | ||
| 005 | 20201028134556.0 | ||
| 008 | 131203s2005 tu tur | ||
| 007 | cr cn | ||
| 020 | _a9789753590525 | ||
| 035 |
_a604881 _b(N$T) |
||
| 050 | 0 | 4 |
_aBP102 _bK57 2005 |
| 090 | 0 | 4 |
_aBP102 _bK57 2005 |
| 100 | 1 | _aKırca, Celal | |
| 245 | 1 | 0 |
_aKur'an ve fen bilimleri _h[electronic resource] / _cCelal Kırca |
| 260 |
_aİstanbul : _bMarifet Yayınları, _c2005 |
||
| 300 | _a414 p. | ||
| 650 | 4 | _aFelsefe, Psikoloji ve Din | |
| 650 | 4 | _aPhilosophy, Psychology and Religion | |
| 650 | 0 |
_aKur'an _x Bilim |
|
| 650 | 0 |
_aQuran _x Science |
|
| 650 | 7 |
_aRELIGION / Islam / General _2bisacsh |
|
| 856 | 4 | 0 | _uhttp://search.ebscohost.com/login.aspx?direct=true&scope=site&db=e011xww&AN=604881 |
| 999 |
_c6269 _d6269 |
||